<?xml version="1.0" encoding="UTF-8"?>
<collection xmlns="http://www.loc.gov/MARC21/slim">
  <record>
    <leader>00000nam  2200000   4500</leader>
    <controlfield tag="001">INLIS000000000810076</controlfield>
    <controlfield tag="005">20251016031936</controlfield>
    <datafield tag="035" ind1="#" ind2="#">
      <subfield code="a">0010-1025000059</subfield>
    </datafield>
    <controlfield tag="008">251016###########################0#ind##</controlfield>
    <datafield tag="245" ind1="#" ind2="#">
      <subfield code="a">Terapi Syar’I Mengobati Penyakit Hati /</subfield>
      <subfield code="c">Syaikh Dr. Khalid Al-Juraisy (Darul Haq)</subfield>
    </datafield>
    <datafield tag="260" ind1="#" ind2="#">
      <subfield code="b">Darul Haq</subfield>
    </datafield>
    <datafield tag="082" ind1="#" ind2="#">
      <subfield code="a">297.561</subfield>
    </datafield>
    <datafield tag="084" ind1="#" ind2="#">
      <subfield code="a">297.561 KHA t</subfield>
    </datafield>
  </record>
</collection>
